000 00754nam a2200229Ia 4500
003 GCL
005 20240530095204.0
008 140319s9999 xx 000 0 eng d
020 _a0815626886
040 _aGCL /
_cGCL
082 0 4 _a305.486971
_bA W
100 1 _aAMIRA, EL-AZHARY SONBOL
245 1 0 _aWOMEN, THE FAMILY AND DIVORCE LAWS IN ISLAMIC HISTORY /
_cFENTON, WILLIAM E ؛ AMIRA, EL-AZHARY SONBOL
260 _a[S.N] :
_bSYRACUSE UNIVERSITY PRESS ،
_c1996
300 _a23 CM ؛
_cXV1, 357 P
650 0 4 _aMUSLIM WOMEN - EGYPT
650 0 4 _aWOMEN - LEGAL STATUS, LAWS
650 0 4 _aDOMESTIC RELATIONS ( ISLAMIC LAW ) - ARAB COUNTIRES
650 0 4 _aISLAMIC LAW - ARAB COUNTIRES
700 1 _aAMIRA, EL-AZHARY SONBOL
942 _2ddc
_cBK
999 _c4755
_d4755